000 01959nam a22002537a 4500
999 _c63738
_d63738
003 Ge_BSU
005 20251218160545.0
008 251218s2025 ge ||||| |||| 00| 0 geo d
020 _a9789941525216
041 _ageo
080 _a330.1 : 338(479.22) ე-49
245 _aეკონომიკური მეცნიერება და საქართველოს ეკონომიკა :
_bსამეცნიერო სტატიები. [წიგნი] 1 /
_cსამეცნიერო რედაქტორები: ელგუჯა მექვაბიშვილი, გივი ბედიანაშვილი.
264 _aთბილისი :
_bუნივერსალი,
_c2025.
300 _a 490 გვ. :
_bფოტ. დიაგრ., ცხრ. ;
_c25 სმ.
500 _aეძღვნება ვლადიმერ (ლადო) პაპავას დაბადების 70 წლისთავს.
501 _aწიგნის გამოცემა მხარდაჭერილია გრიგოლ რობაქიძის სახ. უნივერსიტეტის მეცნიერული კვლევისა და შემოქმედებითი ინიციატივის განვითარების ფონდის მიერ.
504 _aბიბლიოგრაფია სტატიების ბოლოს.
653 _aპაპავა, ვლადიმერ
653 _aეკონომიკური მეცნიერება
653 _aეკონომიკა -- საქართველო
700 _a მექვაბიშვილი, ელგუჯა
_eრედაქტორი
_926558
700 _aბედიანაშვილი, გივი
_eრედაქტორი
_921541
942 _2udc
_cᲬᲘᲒᲜᲘ